| 000 | 00794nam a22002897i 4500 | ||
|---|---|---|---|
| 001 | B-12602 | ||
| 003 | CO-BoFNCP | ||
| 007 | t|| | ||
| 008 | 090928s2008 my r eng d | ||
| 040 |
_aCO-BoFNCP _bspa _cCO-BoFNCP _erda |
||
| 041 | _aeng | ||
| 043 | _amy | ||
| 084 | _aA- | ||
| 110 | 2 |
_aThe Incorporated Society of Planters, ISP _940380. |
|
| 245 | 1 | 0 | _aWhen will we cash in on our herbal heritage?. |
| 264 | 4 | _c©2008 | |
| 300 | _apáginas 281-282. | ||
| 336 |
_atexto _btxt _2rdacontent |
||
| 337 |
_asin mediación _bn _2rdamedia |
||
| 338 |
_avolumen _bnc _2rdacarrier |
||
| 500 | _aEditorial. | ||
| 650 | 0 |
_aHierbas _932902. |
|
| 773 | 0 |
_aThe Planter (Malasia) _gv. 84, no. 986 (2008), p.281-282 _wA- _x0126-575x |
|
| 942 |
_2z _c1 |
||
| 999 |
_c26574 _d26574 |
||
| 999 | _z1 | ||